[Event "Titled Tue 12th Jul Early"]
[Site "chess.com INT"]
[Date "2022.07.12"]
[Round "8"]
[White "Martinez Alcantara,Jose Eduardo"]
[Black "Nakamura,Hi"]
[Result "1-0"]
[WhiteElo "2591"]
[BlackElo "2760"]

1.e4 e5 2.Nf3 Nc6 3.Bb5 a6 4.Ba4 f5 5.d4 exd4 6.e5 Bc5 7.c3 d5 8.cxd4 Bb6
9.Bg5 Ne7 10.Bxc6+ bxc6 11.Qc2 O-O 12.Bxe7 Qxe7 13.Qxc6 Rb8 14.O-O Bb7 15.Qa4 c5
16.dxc5 Bxc5 17.Nbd2 d4 18.Rac1 Kh8 19.Qc4 Bb6 20.Qd3 Rbd8 21.Rfe1 g5 22.e6 Ba5
23.Re5 Bb4 24.Rxf5 Rxf5 25.Qxf5 g4 26.Ne5 Bxd2 27.Nf7+ Kg8 28.Qe5  1-0

[Event "Titled Tue 12th Jul Late"]
[Site "chess.com INT"]
[Date "2022.07.12"]
[Round "8"]
[White "Terry,R"]
[Black "Nakamura,Hi"]
[Result "0-1"]
[WhiteElo "2502"]
[BlackElo "2760"]

1.d4 Nf6 2.Bg5 c5 3.Bxf6 gxf6 4.d5 Qb6 5.Qc1 f5 6.c4 Bg7 7.Nc3 e6 8.e3 d6
9.Nge2 Nd7 10.Nf4 Nf6 11.Qc2 Bd7 12.Be2 a6 13.a3 Qc7 14.Rd1 O-O 15.O-O Rad8
16.Rd2 Kh8 17.Rfd1 Bc8 18.Nh5 Nxh5 19.Bxh5 Rg8 20.a4 e5 21.Ne2 Qe7 22.Ng3 Qf6
23.f4 Bh6 24.Rf2 exf4 25.exf4 Bg7 26.Kh1 Rde8 27.Re2 Bd7 28.b3 Bh6 29.Rf1 Rgf8
30.a5 Bg7 31.Rfe1 Rxe2 32.Qxe2 Kg8 33.Qd3 Bh6 34.Qf3 Re8 35.Rxe8+ Bxe8 36.h3 Bd7
37.Ne2 Qh4 38.Qg3+ Qxg3 39.Nxg3 Bxf4 40.Ne2 Bd2 41.Kg1 Bxa5 42.Kf2 b5 43.Ke3 bxc4
44.bxc4 Bb4 45.Kd3 a5 46.Nf4 a4 47.Bd1 a3 48.Bb3 Ba4 49.Ba2 Kg7 50.h4 Kf6  0-1

[Event "Titled Tue 12th Jul Late"]
[Site "chess.com INT"]
[Date "2022.07.12"]
[Round "9"]
[White "Nakamura,Hi"]
[Black "Deac,Bogdan-Daniel"]
[Result "1/2-1/2"]
[WhiteElo "2760"]
[BlackElo "2692"]

1.e4 e5 2.Nf3 Nc6 3.Bb5 Nf6 4.O-O Nxe4 5.Re1 Nd6 6.Nxe5 Be7 7.Bf1 Nxe5 8.Rxe5 O-O
9.Nc3 Ne8 10.Nd5 Bd6 11.Re1 c6 12.Ne3 Be7 13.c4 Nc7 14.d4 d5 15.cxd5 Bb4
16.Bd2 Bxd2 17.Qxd2 Nxd5 18.Nxd5 Qxd5 19.Re5 Qd6 20.Bc4 Bd7 21.Rae1 b5 22.Bb3 a5
23.a3 a4 24.Ba2 Rae8 25.Qf4 Rxe5 26.Rxe5 Qg6 27.h4 Be6 28.Bxe6 fxe6 29.Qc1 Qf6
30.Qe3 Qxh4 31.Rxe6 Qh5 32.f3 Qd5 33.Re7 Rf7 34.Re5 Qd6 35.Qe4 Rd7 36.Kf1 g6
37.Qf4 Kg7 38.g3 Rf7 39.Qe3 Rd7 40.Re4 Qxg3 41.Re7+ Rxe7 42.Qxe7+ Kh6 43.Qf8+ Kh5
44.Qc5+ Qg5 45.Qxc6 Qf5 46.Kf2 Qd3 47.Qc5+ Kh6 48.Qf8+ Kh5 49.Qf4 g5 50.Qg4+ Kh6
51.Qe6+ Kh5 52.d5 Qd2+ 53.Kg3 Qf4+ 54.Kg2 Qd2+ 55.Kh3 Qd1 56.Qf7+ Kh6 57.Qf6+ Kh5
58.Qf7+ Kh6 59.Qe6+ Kh5 60.Qe8+ Kh6 61.Qe6+ Kh5  1/2-1/2

[Event "Titled Tue 12th Jul Early"]
[Site "chess.com INT"]
[Date "2022.07.12"]
[Round "9"]
[White "Nakamura,Hi"]
[Black "Deac,Bogdan-Daniel"]
[Result "1-0"]
[WhiteElo "2760"]
[BlackElo "2692"]

1.Nf3 c5 2.e4 d6 3.d4 cxd4 4.Qxd4 Nf6 5.Nc3 Bd7 6.Bg5 Nc6 7.Qe3 e6 8.O-O-O Qa5
9.Kb1 a6 10.Bc4 Be7 11.Bb3 Ng4 12.Qd2 Nxf2 13.Qxf2 Bxg5 14.e5 Bd8 15.Ne4 O-O
16.Rxd6 Nxe5 17.Nc5 Ng4 18.Qd4 Bc6 19.Nxe6 fxe6 20.Qxg4 Kh8 21.Nd4 Bf6 22.Nxc6 bxc6
23.Qe4 c5 24.c3 Rab8 25.Rhd1 Qc7 26.Bc2 g6 27.Rd7 Qe5 28.Rxh7+ Kxh7 29.Qxg6+  1-0

[Event "Titled Tue 12th Jul Early"]
[Site "chess.com INT"]
[Date "2022.07.12"]
[Round "10"]
[White "Hansen,Eric"]
[Black "Nakamura,Hi"]
[Result "0-1"]
[WhiteElo "2606"]
[BlackElo "2760"]

1.e4 e5 2.Nf3 Nc6 3.Bb5 a6 4.Ba4 f5 5.d3 Bc5 6.Bxc6 dxc6 7.Nc3 Nf6 8.exf5 Bxf5
9.O-O O-O 10.Nxe5 Bd4 11.Nc4 Ng4 12.Be3 b5 13.Bxd4 Qxd4 14.Ne2 Qf6 15.Ne3 Qxb2
16.Nxf5 Rxf5 17.Ng3 Rf4 18.Ne4 Nf6 19.Qe2 Nd5 20.g3 Rf7 21.a4 b4 22.Rab1 Qd4
23.Kg2 a5 24.Rbe1 h6 25.h4 Nb6 26.Ra1 c5 27.Qh5 c4 28.Qc5 Qxc5 29.Nxc5 Rf5
30.Ne6 c6 31.Rfe1 Rf7 32.Nd4 Rc7 33.Re5 c5 34.Nb5 Rc6 35.h5 Rd8 36.Na7 Rc7
37.Nb5 Rc6 38.Na7 Rcd6 39.Rxc5 Rd5 40.Rxd5 Rxd5 41.dxc4 Nxc4 42.Re1 Na3 43.Re2 Rc5
44.Nb5 Nxb5 45.axb5 Rxb5 46.Re8+ Kf7 47.Ra8 Rxh5 48.Ra6 Rc5 49.g4 g6 50.Kg3 Ke7
51.f4 Rc3+ 52.Kh4 Rxc2 53.Rxa5 b3 54.Rb5 b2 55.g5 hxg5+ 56.Kxg5 Rc5+ 57.Rxc5 b1=Q
58.Rc7+ Kd6 59.Rg7 Qf5+ 60.Kh6 Qh5+  0-1

[Event "Titled Tue 12th Jul Late"]
[Site "chess.com INT"]
[Date "2022.07.12"]
[Round "10"]
[White "Suleymanli,Aydin"]
[Black "Nakamura,Hi"]
[Result "0-1"]
[WhiteElo "2541"]
[BlackElo "2760"]

1.d4 f5 2.Nc3 Nf6 3.Bg5 c6 4.Qd2 Qa5 5.e4 fxe4 6.Nxe4 Qxd2+ 7.Nxd2 d6 8.Bd3 g6
9.O-O-O Bg7 10.Re1 Nbd7 11.Ngf3 Nf8 12.Re2 e6 13.Rhe1 Kd7 14.c3 Nd5 15.Ne4 b5
16.Bd2 h6 17.h4 a5 18.g4 a4 19.g5 h5 20.a3 Kc7 21.Ng3 Rh7 22.Ng1 Bh8 23.f4 Rf7
24.Rf1 Bd7 25.Ref2 Ne7 26.N1e2 Nf5 27.Rh2 Be8 28.Re1 Nd7 29.Nxf5 exf5 30.Ng3 Nb6
31.Re6 Rf8 32.Rhe2 Nd5 33.Re1 Bf7 34.R6e2 Rae8 35.Bb1 Rxe2 36.Rxe2 Kd7 37.Bd3 Ne7
38.Kd1 Rg8 39.Bc1 Bg7 40.Kd2 Bf8 41.Ke1 Be6 42.Kf2 Nc8 43.Kf3 Nb6 44.Kf2 Be7
45.Bb1 Bd8 46.Re1 Bc7 47.Bd3 Nc4 48.Bc2 Na5 49.Bd3 Rf8 50.Be3 Nc4 51.Bc1 Bb6
52.Kf3 Bd5+ 53.Kf2 c5 54.dxc5 Bxc5+ 55.Kf1 Kc6 56.Re7 Rf7 57.Rxf7 Bxf7 58.Ke2 Kd7
59.Bc2 Na5 60.Bd3 Bc4 61.Be3 Bxd3+ 62.Kxd3 Bxe3 63.Kxe3 Nc4+ 64.Kd4 Nxb2
65.Nf1 Nc4 66.Ne3 Nxa3 67.Kd5 Nb1 68.Kd4 a3 69.Nc2 a2 70.Na1 Nd2 71.Kd5 Nf3
72.c4 bxc4  0-1

[Event "Titled Tue 12th Jul Early"]
[Site "chess.com INT"]
[Date "2022.07.12"]
[Round "11"]
[White "Nakamura,Hi"]
[Black "Le Tuan Minh"]
[Result "1-0"]
[WhiteElo "2760"]
[BlackElo "2527"]

1.e4 c5 2.Nf3 Nf6 3.d3 Nc6 4.g3 g6 5.Bg2 Bg7 6.O-O O-O 7.Nbd2 d6 8.Re1 Nd7
9.a4 Rb8 10.c3 a6 11.Nb3 b5 12.axb5 axb5 13.d4 b4 14.h3 Qb6 15.Rb1 bxc3 16.bxc3 cxd4
17.cxd4 Nxd4 18.Nfxd4 Bxd4 19.Nxd4 Qxb1 20.Nc6 Re8 21.Nxb8 Qxb8 22.f4 Bb7
23.Qd4 Qc7 24.Be3 e5 25.Qb4 exf4 26.gxf4 Nc5 27.Qc4 Qe7 28.Bd4 Nxe4 29.Bb2 d5
30.Qd4 f6 31.Qb6 Kf7 32.Bd4 Bc8 33.Rc1 Qd8 34.Qc6 Bf5 35.Ra1 Re6 36.Ra7+ Re7
37.Bxe4 Rxa7 38.Bxd5+ Kg7 39.Bxa7 Qa5 40.Bf2 Qd2 41.Qc7+ Kh6 42.Bg8 g5 43.Qc6 Kg6
44.Qe8+ Kh6 45.Qf8+ Kg6 46.Qf7+ Kh6 47.Qxf6+ Bg6 48.Qxg5+ Kg7 49.Bc4 Qc1+
50.Bf1 Qd2 51.Qe5+ Kg8 52.Bd4 Kf7 53.Bc4+  1-0

[Event "Titled Tue 19th Jul Late"]
[Site "chess.com INT"]
[Date "2022.07.19"]
[Round "1"]
[White "Ronka,E"]
[Black "Nakamura,Hi"]
[Result "0-1"]
[WhiteElo "2272"]
[BlackElo "2760"]

1.e4 g6 2.d4 c6 3.Nf3 d5 4.e5 Bg4 5.h3 Bxf3 6.Qxf3 e6 7.c3 c5 8.Be3 cxd4
9.cxd4 Qb6 10.Qe2 Nc6 11.Qd2 Nge7 12.Bd3 Bg7 13.Nc3 O-O 14.Ne2 f6 15.f4 fxe5
16.dxe5 d4 17.Bf2 Nd5 18.Bc4 Rad8 19.O-O Ne3 20.Bxe3 dxe3 21.Qc3 Rd2 22.b3 Ne7
23.Rf3 Nd5 24.Bxd5 exd5 25.Qxe3 Rxe2  0-1

[Event "Titled Tue 19th Jul Early"]
[Site "chess.com INT"]
[Date "2022.07.19"]
[Round "1"]
[White "Mogranzini,R"]
[Black "Nakamura,Hi"]
[Result "1-0"]
[WhiteElo "2459"]
[BlackElo "2760"]

1.e4 c6 2.Nf3 g6 3.d3 Bg7 4.g3 d5 5.Nbd2 Bg4 6.Bg2 Nd7 7.O-O e6 8.h3 Bxf3
9.Nxf3 Ne7 10.c3 O-O 11.exd5 cxd5 12.d4 b5 13.a4 b4 14.cxb4 a6 15.Bf4 Qb6
16.Qd2 Nc6 17.Bd6 Rfc8 18.Bc5 Nxc5 19.bxc5 Qb7 20.Rfb1 a5 21.Bf1 Rcb8 22.Bb5 Nb4
23.Rc1 Qc7 24.Kg2 Nc6 25.Rd1 Na7 26.b4 axb4 27.Qxb4 Nc6 28.Qd2 Na5 29.Rab1 h6
30.h4 Qe7 31.Bf1 Qc7 32.Qc2 Rxb1 33.Rxb1 Nc6 34.Rd1 g5 35.hxg5 hxg5 36.Bb5 g4
37.Ng5 Ne7 38.Qh7+ Kf8 39.Re1 Nf5 40.Rxe6 Nxd4 41.Rd6 Qe7 42.Qh5 Ra7 43.Rb6 Qe5
44.Qxg4 Kg8 45.Qc8+ Bf8 46.Rb8 Qg7 47.c6 Nf5 48.Qxf5  1-0

[Event "Titled Tue 19th Jul Late"]
[Site "chess.com INT"]
[Date "2022.07.19"]
[Round "2"]
[White "Nakamura,Hi"]
[Black "Dev,Shah"]
[Result "1-0"]
[WhiteElo "2760"]
[BlackElo "2292"]

1.Nf3 Nf6 2.b3 c5 3.Bb2 e6 4.e3 Be7 5.d4 d5 6.Bd3 Nc6 7.O-O O-O 8.a3 b6 9.Nbd2 Bb7
10.Ne5 Nxe5 11.dxe5 Nd7 12.f4 f5 13.c4 d4 14.exd4 cxd4 15.b4 a5 16.Qb3 axb4
17.axb4 g5 18.c5 Bd5 19.Bc4 bxc5 20.Bxd5 exd5 21.Qxd5+ Kh8 22.Rxa8 Qxa8 23.Qxd7 Qa2
24.Qxe7 Qxb2 25.Qxf8+  1-0

[Event "Titled Tue 19th Jul Early"]
[Site "chess.com INT"]
[Date "2022.07.19"]
[Round "2"]
[White "Nakamura,Hi"]
[Black "Barria Zuniga,D"]
[Result "1-0"]
[WhiteElo "2760"]
[BlackElo "2341"]

1.Nf3 Nf6 2.b3 e6 3.Bb2 b6 4.e3 Bb7 5.d4 Be7 6.Bd3 O-O 7.O-O c5 8.dxc5 bxc5
9.c4 d6 10.Nc3 Nc6 11.Qe2 Nb4 12.Bb1 Qb6 13.Na4 Qc7 14.a3 Nc6 15.Bc2 Rab8
16.Nc3 a6 17.Rfd1 Ba8 18.Rab1 Rfd8 19.Ba1 h6 20.h3 Nd7 21.Qd3 f5 22.Qe2 Nce5
23.Ne1 Bf6 24.Rd2 Nf7 25.Rbd1 Qa5 26.Na4 Bxa1 27.Rxa1 Bc6 28.Nb2 Qc3 29.Ra2 a5
30.a4 Rxb3 31.Nd1 Qb4 32.Bxb3 Qxb3 33.Rdb2  1-0

[Event "Titled Tue 19th Jul Early"]
[Site "chess.com INT"]
[Date "2022.07.19"]
[Round "3"]
[White "Sadykov,Ra"]
[Black "Nakamura,Hi"]
[Result "0-1"]
[WhiteElo "2345"]
[BlackElo "2760"]

1.e4 c6 2.Nc3 d5 3.Nf3 g6 4.d4 Bg4 5.h3 Bxf3 6.Qxf3 e6 7.Bd3 Bg7 8.Ne2 Nd7
9.c3 Ne7 10.O-O O-O 11.Bf4 c5 12.e5 Nc6 13.Qe3 cxd4 14.cxd4 Qb6 15.b3 Nb4
16.Rfc1 Nxd3 17.Qxd3 Nb8 18.a3 Nc6 19.b4 Rfc8 20.Rc3 a5 21.b5 Na7 22.a4 Rxc3
23.Qxc3 Rc8 24.Qe3 Rc4 25.Bh6 Qd8 26.g3 Nc8 27.h4 Nb6 28.h5 Qe7 29.Bxg7 Kxg7
30.h6+ Kg8 31.Kg2 Rc8 32.Nc1 f5 33.exf6 Qxf6 34.Nb3 Nc4 35.Qf3 Qxf3+ 36.Kxf3 Kf7
37.Re1 b6 38.Kg4 Nd6 39.Rc1 Rxc1 40.Nxc1 Kf6 41.Kf4 g5+ 42.Ke3 Nf5+ 43.Kd3 Nxh6
44.f3 g4  0-1

[Event "Titled Tue 19th Jul Late"]
[Site "chess.com INT"]
[Date "2022.07.19"]
[Round "3"]
[White "Preotu,Razvan"]
[Black "Nakamura,Hi"]
[Result "0-1"]
[WhiteElo "2445"]
[BlackElo "2760"]

1.e4 c6 2.Nc3 d5 3.Nf3 Bg4 4.h3 Bxf3 5.Qxf3 e6 6.Be2 g6 7.d4 Bg7 8.Be3 Nd7
9.O-O-O Ne7 10.g4 Qa5 11.Kb1 b5 12.Bd3 b4 13.Ne2 Rc8 14.h4 c5 15.dxc5 Nxc5
16.h5 Nxd3 17.Rxd3 Qc7 18.Rd2 dxe4 19.Qxe4 Qc6 20.Qxc6+ Nxc6 21.Ng3 Ne5 22.h6 Bf8
23.Re2 Nxg4 24.Bd4 f6 25.f3 Ne5 26.Bxe5 fxe5 27.Rxe5 Bd6 28.Rg5 Bf4 29.Rg4 O-O
30.Ne4 e5 31.Rgg1 Rcd8 32.Nc5 Be3 33.Ne6 Bxg1 34.Rxg1 Rde8 35.Nxf8 Rxf8 36.a3 bxa3
37.Re1 Rxf3 38.Rxe5 Rf1+ 39.Ka2 axb2 40.Kxb2 Rh1 41.Re7 Rxh6 42.Rxa7 g5 43.Kc3 Rd6
44.Kc4 g4 45.Kc5 Rd2 46.c4 h5 47.Kb4 g3 48.Ra5 h4 49.Rg5+ Kf7 50.c5 g2 51.c6 h3  0-1

[Event "Titled Tue 19th Jul Late"]
[Site "chess.com INT"]
[Date "2022.07.19"]
[Round "4"]
[White "Nakamura,Hi"]
[Black "Swiercz,D"]
[Result "1-0"]
[WhiteElo "2760"]
[BlackElo "2652"]

1.e4 c6 2.Nf3 d5 3.Nc3 Bg4 4.h3 Bxf3 5.Qxf3 e6 6.g3 Nd7 7.Qe2 d4 8.Nd1 g6
9.f4 Bg7 10.Bg2 Ne7 11.d3 c5 12.O-O Qc7 13.Nf2 Nc6 14.e5 O-O 15.Ne4 b6 16.g4 h6
17.g5 hxg5 18.Nxg5 Rae8 19.Qg4 Bh6 20.Ne4 Ne7 21.Nd6 Nf5 22.Nxe8 Rxe8 23.Be4 Kh7
24.Bxf5 exf5 25.Qf3 Nf8 26.h4 Ne6 27.Bd2 Qd8 28.Kg2 Rg8 29.Rh1 Kg7 30.b3 Kf8
31.a4 a5 32.Kf2 Ke7 33.Raf1 Kd7 34.h5 Kc7 35.hxg6 Rxg6 36.Rfg1 Rxg1 37.Kxg1 Qg8+
38.Kf2 Qg6 39.Qg3 Bg7 40.Qxg6 fxg6 41.Rg1 Kd7 42.Rxg6  1-0

[Event "Titled Tue 19th Jul Early"]
[Site "chess.com INT"]
[Date "2022.07.19"]
[Round "4"]
[White "Perez Gormaz,M"]
[Black "Nakamura,Hi"]
[Result "0-1"]
[WhiteElo "2387"]
[BlackElo "2760"]

1.e4 c6 2.Nf3 d5 3.Nc3 Bg4 4.h3 Bxf3 5.Qxf3 e6 6.Be2 g6 7.O-O Bg7 8.d4 Bxd4
9.Rd1 Qf6 10.Qg3 Be5 11.f4 Bc7 12.Kh1 Ne7 13.a4 Nd7 14.a5 O-O 15.Be3 Rfd8
16.Qf2 b6 17.axb6 Bxb6 18.e5 Qg7 19.Na4 Bxe3 20.Qxe3 Qf8 21.g4 c5 22.c4 dxc4
23.Bxc4 Nb6 24.b3 Ned5 25.Qf3 Qe7 26.Rf1 Nxa4 27.bxa4 Nb6 28.Ba2 Rac8 29.f5 c4
30.a5 Nd5 31.Rac1 c3 32.f6 Qb4 33.Rfe1 Qxa5 34.Qg2 c2 35.Bxd5 Rxd5 36.Qe2 Rd2
37.Qe3 Qd5+ 38.Qe4 Qxe4+ 39.Rxe4 Rd1+  0-1

[Event "Titled Tue 19th Jul Late"]
[Site "chess.com INT"]
[Date "2022.07.19"]
[Round "5"]
[White "Suleymanli,Aydin"]
[Black "Nakamura,Hi"]
[Result "0-1"]
[WhiteElo "2541"]
[BlackElo "2760"]

1.d4 g6 2.c4 Bg7 3.Nc3 c5 4.d5 Bxc3+ 5.bxc3 f5 6.h4 Nf6 7.h5 Nxh5 8.e4 d6
9.exf5 Kd7 10.g4 Nf6 11.g5 Nh5 12.Bd3 Qg8 13.Rxh5 gxh5 14.Qxh5 Kc7 15.Ne2 Nd7
16.f4 Nb6 17.a4 a5 18.Be3 Bd7 19.Kd2 Bxa4 20.Ng3 Bb3 21.Qe2 a4 22.Ne4 Qf7
23.g6 hxg6 24.Ng5 Qf6 25.fxg6 Rag8 26.f5 Nxc4+ 27.Bxc4 Bxc4 28.Qxc4 Qxf5
29.Qe4 Qxe4 30.Nxe4 Rh2+ 31.Kd3 Rh5 32.c4 b5 33.Nc3 bxc4+ 34.Kxc4 Rh4+ 35.Kd3 Rxg6
36.Rxa4 Rxa4 37.Nxa4 Rg4 38.Nc3 Kb6 39.Ne4 Rg7 40.Nc3 Ka5 41.Bd2 Kb4 42.Ne4+ Kb3
43.Bc3 Rg4 44.Nd2+ Ka4 45.Nc4 Kb5 46.Ne3 Rh4 47.Nf5 Rh3+ 48.Kc2 Kc4 49.Bd2 Rh7
50.Ne3+ Kd4 51.Bc1 Rf7 52.Bd2 Ke4 53.Bc1 Rf3 54.Nd1 Kxd5 55.Bg5 e5 56.Nc3+ Ke6
57.Ne4 Rh3 58.Bd2 Rh2 59.Kd3 Rh4 60.Nc3 d5 61.Nb5 Rh3+ 62.Kc2 c4 63.Bb4 d4
64.Nc7+ Kf5 65.Ne8 Rh2+ 66.Kc1 Ke4 67.Nf6+ Kd3 68.Ng4 Rh1+ 69.Kb2 c3+  0-1

[Event "Titled Tue 19th Jul Early"]
[Site "chess.com INT"]
[Date "2022.07.19"]
[Round "5"]
[White "Nakamura,Hi"]
[Black "Harsh,Suresh"]
[Result "1-0"]
[WhiteElo "2760"]
[BlackElo "2321"]

1.Nf3 Nf6 2.b3 g6 3.Bb2 Bg7 4.d4 O-O 5.e3 d5 6.c4 c6 7.Bd3 a5 8.a3 Na6 9.Nbd2 Nc7
10.O-O Bg4 11.Qc2 Bxf3 12.Nxf3 e6 13.Rfc1 Qe7 14.Rab1 Rfc8 15.b4 axb4 16.axb4 dxc4
17.Bxc4 b5 18.Bf1 Ncd5 19.Bc3 Nxc3 20.Qxc3 Nd5 21.Qe1 Bf8 22.Ne5 Nxb4 23.g3 f6
24.Nf3 Na2 25.Rc2 b4 26.Bc4 Nc3 27.Rxb4 Nd5 28.Rb1 c5 29.dxc5 Rxc5 30.e4 Rac8
31.exd5 Rxc4 32.Rxc4 Rxc4 33.dxe6 Rc6 34.Nd4 Rd6 35.Qe3 f5 36.Rb8 Qa7 37.e7 Qxb8
38.e8=Q Qxe8 39.Qxe8 Rxd4 40.Qe6+ Kh8 41.Qe5+ Kg8 42.Qxd4 Kf7 43.Qc4+ Kf6
44.Kg2 h5 45.f3 Kg7 46.h3 Be7 47.g4 Bf6 48.gxf5 gxf5 49.Kf1 Kg6 50.Ke2 Kg5
51.Kd3 Be5 52.h4+ Kf6 53.Qc6+ Kg7 54.Qe6 Bf6 55.Qxf5 Bxh4 56.Qxh5 Bf6 57.Ke4 Kf8
58.Qh7 Bg7 59.Kf5 Kf7 60.f4 Kf8 61.Ke6 Bc3 62.f5 Ke8 63.Qd7+ Kf8 64.Qc8+ Kg7
65.Qxc3+ Kh6 66.f6 Kg6 67.f7 Kh7 68.f8=Q Kg6 69.Qh3 Kg5 70.Qhh6+ Kg4 71.Ke5 Kg3
72.Qf5 Kg2 73.Qff4 Kg1 74.Ke4 Kg2 75.Ke5 Kg1 76.Kf6 Kg2 77.Qhg5+ Kh1 78.Qfg4 Kh2
79.Qh3+ Kxh3 80.Kf5 Kh2 81.Kf4 Kh3 82.Qg4+ Kh2 83.Kf3 Kh1 84.Kf2 Kh2 85.Qh5+  1-0

[Event "Titled Tue 19th Jul Early"]
[Site "chess.com INT"]
[Date "2022.07.19"]
[Round "6"]
[White "Nakamura,Hi"]
[Black "Kosteniuk,A"]
[Result "1-0"]
[WhiteElo "2760"]
[BlackElo "2521"]

1.Nf3 Nf6 2.d4 d5 3.e3 c5 4.dxc5 e6 5.b4 a5 6.c3 Bd7 7.a4 b6 8.Be2 axb4 9.cxb4 bxc5
10.b5 c4 11.Nc3 Bb4 12.Bd2 Qc7 13.O-O O-O 14.Qc2 Ba5 15.Rfd1 Rc8 16.Be1 Be8
17.Nd4 g6 18.Bf1 Ng4 19.g3 Ne5 20.Rac1 Ned7 21.e4 Bxc3 22.Bxc3 e5 23.exd5 exd4
24.Rxd4 Ne5 25.Bg2 Qd6 26.Rb1 Nbd7 27.a5 Nc5 28.b6 Ba4 29.Qe2 Bb3 30.Rh4 Re8
31.Qe3 h5 32.Qh6 Qf8 33.Qxf8+ Kxf8 34.d6 Rab8 35.Rd4 Ned3 36.Bd5 Ne6 37.Bxe6 Rxe6
38.d7 Ke7 39.Rxb3 cxb3 40.Rxd3 Kd8 41.Bb2 Rb7 42.Rxb3 Kxd7 43.Bd4 Re1+ 44.Kg2 Rd1
45.a6 Kc8 46.axb7+ Kxb7 47.Be3  1-0

[Event "Titled Tue 19th Jul Late"]
[Site "chess.com INT"]
[Date "2022.07.19"]
[Round "6"]
[White "Nakamura,Hi"]
[Black "Hansen,Eric"]
[Result "1/2-1/2"]
[WhiteElo "2760"]
[BlackElo "2606"]

1.Nf3 Nf6 2.b3 g6 3.d4 Bg7 4.Bb2 O-O 5.e3 d6 6.Be2 c5 7.O-O cxd4 8.Nxd4 Nc6
9.Nxc6 bxc6 10.c4 c5 11.Bf3 Rb8 12.Nc3 Nd7 13.Qd2 Ne5 14.Be2 Bf5 15.Nd5 Be4
16.Nc3 Bc6 17.Rfd1 Qc8 18.Rac1 Qb7 19.Nd5 Bxd5 20.cxd5 Nd7 21.Bxg7 Kxg7 22.Rc4 Nf6
23.Rh4 h5 24.Qc3 Kg8 25.Bf3 Qc7 26.Ra4 Rb6 27.b4 Rc8 28.bxc5 Qxc5 29.Qd2 Rb7
30.h3 Qc3 31.Qe2 Rb2 32.Qf1 Rc7 33.Ra6 Rcb7 34.Rc1 Qxc1 35.Qxc1 Rb1 36.Qf1 Rxf1+
37.Kxf1 Nd7 38.g3 Nc5 39.Ra3 f5 40.Be2 Kg7 41.f4 Kf6 42.g4 hxg4 43.hxg4 fxg4
44.Bxg4 g5 45.Ke2 gxf4 46.exf4 Rb4 47.Ke3 Re4+ 48.Kf3 Rd4 49.Rxa7 Rxd5 50.Ra8 Rd4
51.Bh5 Ne6 52.Bg4 Rxf4+ 53.Kg3 Rc4 54.a4 Nc5 55.a5 Ra4 56.Be2 Ra2 57.a6 Ke5
58.a7 e6 59.Bf3 Ne4+ 60.Bxe4 Kxe4 61.Rd8 Ra3+ 62.Kf2 Ra2+ 63.Ke1 Rxa7 64.Rxd6 e5
65.Rh6 Ke3 66.Rh3+ Kd4 67.Ke2 Ra2+ 68.Ke1 e4 69.Rg3 Ra1+ 70.Ke2 Ra2+ 71.Ke1 e3
72.Rg8 Ra1+ 73.Ke2 Ra2+ 74.Ke1 Kd3 75.Rd8+ Ke4 76.Re8+ Kf3 77.Rf8+ Ke4 78.Re8+ Kd3
79.Rd8+ Ke4 80.Re8+  1/2-1/2

[Event "Titled Tue 19th Jul Late"]
[Site "chess.com INT"]
[Date "2022.07.19"]
[Round "7"]
[White "Zhigalko,S"]
[Black "Nakamura,Hi"]
[Result "1/2-1/2"]
[WhiteElo "2572"]
[BlackElo "2760"]

1.e4 e5 2.Nf3 Nc6 3.Bc4 Nf6 4.d3 Bc5 5.O-O d6 6.Nbd2 a6 7.c3 Ba7 8.Bb3 O-O
9.h3 Re8 10.Re1 Be6 11.Nf1 Bxb3 12.Qxb3 Qd7 13.Be3 Bxe3 14.Nxe3 Ne7 15.Nh4 Rab8
16.Rad1 b5 17.Qc2 c5 18.d4 Qe6 19.dxc5 dxc5 20.Nhf5 Qxa2 21.Nxe7+ Rxe7 22.Nf5 Rd7
23.Rxd7 Nxd7 24.Rd1 Nf6 25.Rd6 Ne8 26.Rd5 g6 27.Ne7+ Kg7 28.Rxe5 Nf6 29.Qd2 Rb6
30.Qd8 Re6 31.Rg5 Qb1+ 32.Kh2 Qxe4 33.Nf5+ Qxf5 34.Rxf5 gxf5 35.Qc7 c4 36.Qg3+ Kh6
37.Qf4+ Kg6 38.Qg3+ Kh6 39.Qf4+ Kg6 40.Qg3+ Kh6  1/2-1/2

[Event "Titled Tue 19th Jul Early"]
[Site "chess.com INT"]
[Date "2022.07.19"]
[Round "7"]
[White "Pichot,A"]
[Black "Nakamura,Hi"]
[Result "0-1"]
[WhiteElo "2647"]
[BlackElo "2760"]

1.e4 c6 2.d4 d5 3.e5 Bf5 4.h4 h5 5.Bd3 Bxd3 6.Qxd3 e6 7.Bg5 Qb6 8.Nd2 Qa6
9.Qxa6 Nxa6 10.c3 c5 11.Ngf3 Ne7 12.Bxe7 Bxe7 13.a3 f6 14.Ke2 Kf7 15.b4 cxd4
16.cxd4 Rhc8 17.Rhc1 Nc7 18.Nb3 Nb5 19.Kd3 Rxc1 20.Nxc1 a5 21.bxa5 Rxa5 22.a4 Na7
23.Nb3 Ra6 24.exf6 gxf6 25.Ne1 Nc6 26.Nc2 e5 27.g3 Ra8 28.Kc3 Bd6 29.Kd3 Ke6
30.Ne3 e4+ 31.Kd2 f5 32.Ng2 Na5 33.Nxa5 Rxa5 34.Kc2 b5 35.Kb3 f4 36.gxf4 Bb8
37.Kb4 Rxa4+ 38.Rxa4 bxa4 39.Kxa4 Ba7 40.Kb4 Bxd4 41.Ne3 Bf6 42.Ng2 d4 43.Kc4 Kf5
44.Kd5 Bg7  0-1

[Event "Titled Tue 19th Jul Early"]
[Site "chess.com INT"]
[Date "2022.07.19"]
[Round "8"]
[White "Nakamura,Hi"]
[Black "Terry,R"]
[Result "1-0"]
[WhiteElo "2760"]
[BlackElo "2502"]

1.Nf3 Nf6 2.d4 e6 3.c4 Bb4+ 4.Nbd2 a5 5.a3 Bxd2+ 6.Nxd2 d6 7.b3 O-O 8.Bb2 Qe7
9.g3 e5 10.Bg2 e4 11.Nf1 d5 12.Ne3 c6 13.a4 Re8 14.Ba3 Qd8 15.h3 Nbd7 16.Qd2 Nf8
17.Qc3 Be6 18.O-O h5 19.Rae1 Ng6 20.Bc1 Qd7 21.Kh2 Qd6 22.Kh1 Qd7 23.Kh2 Qd6
24.Nc2 h4 25.Kg1 Nh5 26.c5 Qc7 27.g4 Nhf4 28.Ne3 Rf8 29.f3 Nxg2 30.Nxg2 Qg3
31.Qe3 Qxh3 32.Qg5 Rae8 33.Bf4 Bc8 34.Bd6 Kh7 35.Kf2 exf3 36.exf3 Rxe1 37.Rxe1 Bd7
38.Qc1 Re8 39.Rh1 Re2+ 40.Kxe2 Qxg2+ 41.Ke3 f5 42.Rh2 f4+ 43.Bxf4 Nxf4 44.Rxg2 Nxg2+
45.Kf2 h3 46.Kg3  1-0

[Event "Titled Tue 19th Jul Late"]
[Site "chess.com INT"]
[Date "2022.07.19"]
[Round "8"]
[White "Nakamura,Hi"]
[Black "Martinez Alcantara,Jose Eduardo"]
[Result "1-0"]
[WhiteElo "2760"]
[BlackElo "2591"]

1.Nf3 Nf6 2.b3 b6 3.g3 Bb7 4.Bb2 g6 5.Bxf6 exf6 6.Bg2 Bg7 7.O-O O-O 8.d4 c5
9.e3 d5 10.Nc3 Na6 11.Ne2 Rc8 12.c3 Qe7 13.Qd2 Rfd8 14.Rfd1 Nc7 15.Rac1 Ne6
16.Nf4 f5 17.h4 h5 18.Nh3 Nc7 19.Ne1 Ne8 20.Nd3 Nf6 21.Ndf4 Ne4 22.Qe1 Rc7
23.b4 c4 24.a4 a6 25.Ra1 Qe8 26.a5 b5 27.Rac1 Qe7 28.Rc2 Qe8 29.Rb1 Re7 30.Kh2 Qd7
31.Re2 Rde8 32.Ng5 Nf6 33.Kg1 Bh6 34.Qf1 Qd6 35.Nfh3 Ng4 36.Nf4 Kg7 37.Ngh3 Nf6
38.Bf3 Ne4 39.Rc1 Kg8 40.Qg2 Qf6 41.Ree1 Bc6 42.Qh1 Bb7 43.Qg2 Bc6 44.Kh1 Bb7
45.Qf1 Nd2 46.Qe2 Ne4 47.Kg1 Rd8 48.Bg2 Bc6 49.Qc2 Bb7 50.Kh2 Qd6 51.Ng1 Nf6
52.Nf3 Ng4+ 53.Kg1 Rde8 54.Qd2 Bc6 55.Rcd1 Bb7 56.Qc1 Kg7 57.Rd2 Rd8 58.Red1 Rde8
59.Ne5 Kh7 60.Qc2 Kg7 61.Nf3 Rd8 62.Re2 Rde8 63.Rde1 Kg8 64.Nd2 Nf6 65.Nf1 Ne4
66.f3 Nf6 67.Nh3 Nh7 68.f4 Nf6 69.Ng5 Ng4 70.Qd2 f6 71.Nh3 Re6 72.Nf2 Nxf2
73.Rxf2 Bf8 74.Bf3 Qd7 75.Rfe2 Bd6 76.Qd1 R6e7 77.Rd2 Rg7 78.Bg2 Bc7 79.Qf3 Ree7
80.Rf2 Re8 81.Qe2 Kf8 82.Bf3 Ke7 83.Rg2 Kd8 84.Qf2 Rge7 85.Bd1 Kc8 86.Bc2 Kb8
87.Qf3 Bd6 88.Rge2 Re4 89.Bxe4 dxe4 90.Qg2 Bd5 91.Nd2 Rg8 92.Kf2 Qe7 93.Rh1 Rh8
94.Qh3 Rc8 95.Ke1 Bxb4 96.Nb1 Bxa5 97.Ra2 Qc7 98.Rhh2 Kb7 99.Rhb2 Bb6 100.Qg2 Qd7
101.Ra1 Ra8 102.Qc2 Bc6 103.Qd2 Qd5 104.Na3 Bc7 105.Nc2 a5 106.Na3 Kc8 107.Rab1 Rb8
108.Ra2 Bd6 109.Qe2 Kd7 110.Kf2 Ke7 111.Raa1 Kd7 112.Ra2 Bc7 113.Rab2 Kc8
114.Ra1 Bd6 115.Rbb1 Bc7 116.Qa2 g5 117.Nc2 Kd8 118.Qa3 Kd7 119.Qc5 Qd6 120.Qxd6+ Bxd6
121.Rxa5 gxh4 122.gxh4 Kc7 123.d5 Bd7 124.Nd4 Kb6 125.Raxb5+ Bxb5 126.Rxb5+ Kc7
127.Rxb8 Kxb8 128.Nxf5 Bc5 129.Ng7 Kc7 130.Nxh5 Be7 131.Ng7 Bf8 132.Ne6+ Kd7
133.Nxf8+  1-0

[Event "Titled Tue 19th Jul Late"]
[Site "chess.com INT"]
[Date "2022.07.19"]
[Round "9"]
[White "Oparin,G"]
[Black "Nakamura,Hi"]
[Result "0-1"]
[WhiteElo "2683"]
[BlackElo "2760"]

1.e4 c5 2.Nf3 d6 3.d4 cxd4 4.Nxd4 Nf6 5.Nc3 a6 6.a4 g6 7.Be2 Bg7 8.O-O Nc6
9.Be3 O-O 10.Nb3 Be6 11.h3 Rc8 12.Qd2 d5 13.Rfd1 Nxe4 14.Nxe4 dxe4 15.Nc5 Qxd2
16.Rxd2 Nb4 17.Nxe6 fxe6 18.Bg4 Kf7 19.Rd7 Nxc2 20.Rf1 b5 21.axb5 axb5 22.Bg5 Bf6
23.Bh6 Rfd8 24.Rfd1 Rxd7 25.Rxd7 Bxb2 26.Rb7 Nd4 27.Bg5 Ba3 28.Be3 Bd6 29.g3 h5
30.Bxd4 hxg4 31.Rxb5 gxh3 32.Kh2 e5 33.Bxe5 Rc5 34.Rxc5 Bxc5 35.Kxh3 Bxf2
36.Kg4 Ke6 37.Bc3 Be3 38.Bb4 Kf6 39.Bc3+ e5 40.Kh3 Ke6 41.Kg2 Kd5 42.Kf1 Kc4
43.Ke2 Bd4 44.Bd2 Kd5 45.Bg5 Ke6 46.g4 Bc5 47.Bh4 Be7 48.Bf2 Bg5 49.Bb6 Kd5
50.Ba5 Be7 51.Be1 Bc5 52.Bh4 Kc4 53.Be1 e3 54.Bh4 Kd4 55.Bg5 Ke4 56.Bh6 Kd5
57.Bg5 Ke6 58.Bh6 Kf6 59.Kd3 g5 60.Ke2 Kg6  0-1

[Event "Titled Tue 19th Jul Early"]
[Site "chess.com INT"]
[Date "2022.07.19"]
[Round "9"]
[White "Nakamura,Hi"]
[Black "Oparin,G"]
[Result "1-0"]
[WhiteElo "2760"]
[BlackElo "2683"]

1.Nf3 Nf6 2.b3 g6 3.Bb2 Bg7 4.d4 O-O 5.e3 b6 6.Be2 Bb7 7.O-O d5 8.c4 Nbd7
9.Nc3 e6 10.Ba3 Re8 11.Rc1 Rc8 12.c5 bxc5 13.dxc5 c6 14.b4 e5 15.Nd2 Nf8
16.Nb3 Ne6 17.Na5 Ba8 18.Qc2 e4 19.Nb3 h5 20.Rcd1 Qc7 21.Bb2 Rb8 22.a3 Bb7
23.Qc1 h4 24.Qa1 h3 25.g3 Qe7 26.Nb1 Ng5 27.Na5 Ba8 28.Nd2 Rbd8 29.Ndb3 Kh7
30.Nd4 Rc8 31.a4 Bh8 32.Rc1 Nd7 33.Kh1 Ne5 34.Qa3 Qd7 35.b5 Red8 36.b6 Qe7
37.Nab3 Rb8 38.a5 Bb7 39.a6 Bc8 40.b7 Bd7 41.Bc3 Re8 42.Ba5 Qf6 43.Bc7 Nef3
44.Nxf3 Nxf3 45.Bxb8 Rxb8 46.Qa1 Qf5 47.Qa2 Qh5 48.Qc2 Bg4 49.Qd1 Ne5 50.Bxg4 Nxg4
51.Na5 Qf5 52.Qe2 Qd7 53.Nxc6 Qxc6 54.Qxg4  1-0